00570nam a22001575i 4500001000700000003000900007005001700016008004100033080002100074100004200095245008600137260003900223300002200262500005700284852007100341184407ES-MaACL20251011063200.0150820q18701876sp |||| | spa d a821.134.2-31"18"0 aSan Martín, Antonio de, d1841-188713aEl Real de Santa Fe b: novela histórica / coriginal de Antonio de San Martin. aMadrid : bUrbano Manini, c[187?] a255 p. ; c17 cm. aEl editor trabaja en la segunda mitad del siglo XIX. aES-MaACLjG-10957 z.- Firma autografa de Gustavo Saenz Diez, 1876